| 000 | 00947nam a2200241 i 4500 | ||
|---|---|---|---|
| 001 | 179419 | ||
| 003 | ES-MaACL | ||
| 005 | 20250904082034.0 | ||
| 008 | 111122s2010 sp ac |||| |bspa d | ||
| 020 | _a978-84-87125-49-2 | ||
| 080 | _a929 Castroviejo, Santiago | ||
| 080 | _a58(082.2) | ||
| 245 | 0 | 0 |
_aHomenaje al Excmo. Sr. D. Santiago Castroviejo Bolibar (1946-2009) _b: sesión necrológica celebrada el 25 de noviembre de 2009. |
| 260 |
_aMadrid : _bReal Academia de Ciencias Exactas, Físicas y Naturales, _c2010. |
||
| 300 |
_a62 p. : _bil. col. ; _c24 cm. |
||
| 504 | _aReferencias bibliográficas. | ||
| 600 | 1 | 7 |
_aCastroviejo, Santiago, _d1946-2009- _vHomenajes _2 _9148592 |
| 650 | 7 |
_aBotánica _2embne _910610 |
|
| 700 | 1 |
_aCastroviejo, Santiago, _d1946-2009 _9148593 |
|
| 710 | 2 |
_aReal Academia de Ciencias Exactas, Físicas y Naturales de España. _9175635 |
|
| 852 |
_aES-MaACL _j2290-F-13 |
||
| 999 |
_c179419 _d179419 |
||